Statistics for Colours of the wind- Pocahontas

Click here to take the quiz!

General Stats

  • This quiz has been taken 1,659 times
  • The average score is 27 of 34

Answer Stats

Hints Answer % Correct
You think you own whatever ____ you ____ onLand
97%
Have you ever heard the wolf ___Cry
93%
You think the only ______ who are ______People
93%
And you'll never here the wolf ___Cry
93%
You'll learn things you never ____, you never ____Knew
92%
Need to _____ with all the colours of the windPaint
92%
You can _____ with all the colours of the windPaint
92%
Has a ____Name
92%
Can you _____ with all the colours of the windPaint
92%
Can you _____ with all the colours of the windPaint
92%
Can you sing with all the voices of the _________Mountain
90%
We need to sing with all the voices of the ________Mountain
90%
Are the people who ____ and think like youLook
89%
The earth is just a dead thing you can _____Claim
88%
Has a ______Spirit
87%
Has a ____Life
85%
Or asked a grinning ______ why he grinnedBobcat
83%
To the ____ ____ moonBlue corn
80%
To the ____ ____ moonBlue corn
80%
But I know every ____ ___ ____ and creatureRock and tree
78%
If you ___ it down, then you'll never knowCut
77%
For once, never wonder what they're _____Worth
77%
And we are all _________ to each otherConnected
74%
All you own is _____ untilEarth
69%
You can own the _____ and stillEarth
69%
Come roll in all the ______ all around youRiches
68%
Come run the ______ ____ trails of the forestHidden pine
64%
How high does a ________ growSycamore
62%
Come taste the ________ berries of the earthSunsweet
62%
In a circle, in a ____ that never endsHoop
60%
For wether we are white, or ________-_______Copper-skinned
57%
The _____ and the otter are my friendsHeron
53%
The _________ and the river are my brothersRainstorm
49%
But if you ____ __ ___ _________ of a strangerWalk in the footsteps
39%

Score Distribution

Percentile by Number Answered

Percent of People with Each Score

Your Score History

You have not taken this quiz